LEADER 01173nam a2200265 4500 001 000000357077 003 CaOOAMICUS 005 20240207140536.0 008 240207s1980 xxk 000 u eng r 020 $a0-664-24313-4 040 $aSeMil$bita 100 1 $aAchtemeier, Paul J.$0(OLS)http://semarc/name/52381 245 14$aThe inspiration of Scripture :$bproblems and proposals /$cPaul J. Achtemeier. 264 1$aPhiladelphia :$bThe Westminster Press,$c1980. 300 $a188 p. ;$c21 cm 490 1 $aBiblical perspectives on current issues 650 4$aBibbia - Ispirazione divina.$0(OLS)http://semarc/subject/5455 830 0$aBiblical perspectives on current issues.$0(OLS)http://semarc/title/447317 850 $aSeMil 852 $aSeMil$W1$xVenegono$y1$m2V III 28$j245928$B248258$CSeMilBibl$Z2$F248258 $81 961 $aCitrini don Tullio - Omaggio 996 $6020$a0-664-24313-4$9(OLS)http://semarc/number/299762 996 $6245$aThe inspiration of Scripture :$bproblems and proposals$9(OLS)http://semarc/title/447316 996 $6264$aPhiladelphia :$bThe Westminster Press$9(OLS)http://semarc/publisher/36189 LEADER 00949nam a2200217 i 4500 001 000000059355 003 CaOOAMICUS 005 20121017000000.0 008 121017s1965 xx u000 u fre u 013 $a30527 040 $aSeMil$bita 100 1 $aBemmelen, Jakob Maarten : van.$0(OLS)http://semarc/name/30296 245 13$aLe droit pénal international /$cRecueil d'études en hommage a Jacob Maarten Van Bemmelen Professeur à la faculté de droit de l'université de Leyde. 260 $aLeiden :$bE. J. Brill,$ccopyr. 1965. 300 $aXX, 257 p., [1] p. di ritratto ;$c25 cm. 500 $aContiene : Bibliographie. 650 4$aDiritto penale.$0(OLS)http://semarc/subject/3835 850 $aSeMil 852 $aSeMil$W1$xVenegono$y1$m2J IV 152$j25508$B25508$CSeMilBibl$Z2$F25511 $81 996 $6245$aLe droit pénal international$9(OLS)http://semarc/title/92720 996 $6260$aLeiden :$bE. J. Brill$9(OLS)http://semarc/publisher/30490